Мексикански разкази (Запис номер 186109)
[ съкратено ]
| 000 -Лидер | |
|---|---|
| Контролно поле с фиксирана дължина | nam a22 a 4500 |
| 003 - Код на организацията, давaща контролен номер | |
| Контролно поле | BLK |
| 005 - Дата и час на последна редакция | |
| Контролно поле | 20221207093420.0 |
| 008 - Елементи от данни с фиксирана дължина | |
| fixed length control field | 180411b bul|||||r ||||||| ||bul|| |
| 010 ## - Наследен системен номер | |
| LC control number | KNG00195103000 |
| 040 ## - Източник на каталожния запис | |
| Идентификатор на билиотеката - собственик на записа | BLK |
| 041 ## - Код за език | |
| Код за езика на текст/звукозапис или на отделно заглавие | Български |
| Код за езика КДБФ | Български |
| 080 ## - УДК | |
| Текстов определител УДК | Мексиканска литература |
| УДК код - определител по УДК | 821.134.2(720) |
| УДК определител | -32 |
| УДК - код + определител | 821.134.2(720)-32 |
| 139 ## - Редно поле | |
| Редна дума | Мексикански разкази |
| Авторски знак | Мед - М 45 |
| 245 10 - Сведения за заглавието | |
| Заглавие | Мексикански разкази |
| Подзаглавни данни | Сборник |
| Редно поле (дума) | състав. Фани Галван Наземи; прев. от исп. Анна Асенова Златкова; предг. от Стамен Стоичков. |
| 257 ## - Страна на издаване | |
| Страна на създаване/издаване | Мексико |
| 260 ## - Област на издателските данни | |
| Място на издаване, разпространение и проч. | София |
| Име на издателя, разпространителя и проч. | Нар. култура |
| Година на издаване | 1980 |
| Печатница | В. Търново : Д. Найденов |
| 300 ## - Физическа характеристика | |
| Страници | 332 с. |
| Размери/Мащаб | 20 см |
| 380 ## - Жанр | |
| Жанр | Худож. лит. |
| 500 ## - Общи забележки | |
| Забележка | Други прев.: Й. Христова, М. Пачкова, Е. Юлзари, Г. Алварадо, Н. Ангелова, Б. Цонева, Т. Такова, Н. Стоичкова, Е. Станков, Хр. Костова, Л. Инджова. - 10 125 тир. ; 1 125 екз. от тир. подв. - Съдържа кратки биогр. данни за поместените в сб. авт. |
| 700 1# - Други автори (авторска отговорност) | |
| Лично име | Наземи, Фани Галван |
| Автороска отговорност (Описва отношението между автора и произведението) | състав. |
| 9 (RLIN) | 344026 |
| 700 1# - Други автори (авторска отговорност) | |
| Лично име | Златкова, Анна Асенова |
| Автороска отговорност (Описва отношението между автора и произведението) | прев. от исп. |
| 9 (RLIN) | 371891 |
| 700 1# - Други автори (авторска отговорност) | |
| Лично име | Стоичков, Стамен |
| Автороска отговорност (Описва отношението между автора и произведението) | предг. от |
| 9 (RLIN) | 377842 |
| 852 ## - Местоположение | |
| Форматна сигнатура | Цб 105864 |
| 856 4# - Електронен адрес и достъп | |
| Електронен формат | pdf - файл |
| Инструкция (цена за достъп) | 0.00 |
| Права за достъп | disable |
| 856 4# - Електронен адрес и достъп | |
| Електронен формат | pdf - файл |
| Инструкция (цена за достъп) | 0.00 |
| Права за достъп | disable |
| 999 ## - СИСТЕМНИ КОНТРОЛНИ НОМЕРА | |
| Koha biblionumber | 186109 |
| Koha biblioitemnumber | 186109 |
| 942 ## - АРТИКУЛИ | |
| Вид на библиотечния материал | Книги |
| Скрит в OPAC | Не |
| Периодичен библиозапис | Да |
| 944 ## - СЪЗДАВАНЕ И РЕДАКЦИЯ на ЗАПИСА | |
| Създаване/Редакция | Създаване |
| Дата на регистрацията/редакция | 03.11.2016 |
| Служител, извършил регистрацията/редакцията | Грета_Цуфелде |
| 944 ## - СЪЗДАВАНЕ И РЕДАКЦИЯ на ЗАПИСА | |
| Създаване/Редакция | Редакция |
| Дата на регистрацията/редакция | 2022-12-07 |
| Служител, извършил регистрацията/редакцията | ир |
| 999 ## - СИСТЕМНИ КОНТРОЛНИ НОМЕРА | |
| Koha biblioitemnumber | 186109 |
| Код за отписване | Код за изгубен артикул | Източник на класификационната схема | Код за повреда | Коз за рестрикции | Код за отдаване | Артикулен № | Име на библиотеката - собственик | Име на библиотеката, в която се намира в момента | Статус (Текущо местоположение) | Дата на вписване в системата | Местоположение - отдел | Цена в лева | Инвентарен номер | Систематично азбучна сигнатура | Баркод | Номер на екземпляра | Цена в евро | Служебна бележка | Служебен тип на артикула | Бележка за публиката |
|---|---|---|---|---|---|---|---|---|---|---|---|---|---|---|---|---|---|---|---|---|
| Не е изгубен | Universal Decimal Classification | Не е повреден | само за читалня | ползва се в читалня | 323521 | Регионална библиотека "Любен Каравелов" Русе | Регионална библиотека "Любен Каравелов" Русе | Хранилище | 1980-01-01 | Хранилище | 2.67 | 314649 | Цб 105864 | 120000314649 | 1 | 1.37 | N: стар фонд Дата: 01.01.1980 | Книги | ||
| Изтеглен | Не е изгубен | Universal Decimal Classification | Не е повреден | без рестрикции | заемане за дома | 323522 | Регионална библиотека "Любен Каравелов" Русе | Регионална библиотека "Любен Каравелов" Русе | Заемна - подръчен фонд | 1980-01-01 | Заемна - подръчен фонд | 1.97 | 315162 | П 860(720)-32/М 45 | 315162 | 2 | 1.01 | N: стар фонд Дата: 01.01.1980 Дата инв: 09.02.2018 Бележки инв: П2018 | Книги | |
| Изтеглен | Не е изгубен | Не е повреден | без рестрикции | заемане за дома | 323523 | Регионална библиотека "Любен Каравелов" Русе | Регионална библиотека "Любен Каравелов" Русе | 1980-01-01 | Заемна - подръчен фонд | 2.67 | 315164 | П 860(720)-32/М 45 | 315164 | 3 | 1.37 | N: стар фонд Дата: 01.01.1980 | Книги | Отч.N: 3 , Дата: 17.01.2018 |